Welcome to CU Library Online Public Access Catalogue (OPAC)

Principles of banking law / (Record no. 4850)

MARC details
000 -LEADER
fixed length control field 00871cam a2200229 a 4500
001 - CONTROL NUMBER
control field 13151296
005 - DATE AND TIME OF LATEST TRANSACTION
control field 20250314204341.0
008 - FIXED-LENGTH DATA ELEMENTS--GENERAL INFORMATION
fixed length control field 030407s2002 enk b 001 0 eng
020 ## - INTERNATIONAL STANDARD BOOK NUMBER
International Standard Book Number 0199253315
050 00 - LIBRARY OF CONGRESS CALL NUMBER
Classification number KD1715
Item number .C73 2002
082 00 - DEWEY DECIMAL CLASSIFICATION NUMBER
Classification number 346.41/082
Edition information 22
100 1# - MAIN ENTRY--PERSONAL NAME
Personal name Cranston, Ross.
245 10 - TITLE STATEMENT
Title Principles of banking law /
Statement of responsibility, etc. Ross Cranston.
250 ## - EDITION STATEMENT
Edition statement 2nd ed.
260 ## - PUBLICATION, DISTRIBUTION, ETC.
Place of publication, distribution, etc. Oxford ;
-- New York :
Name of publisher, distributor, etc. Oxford University Press,
Date of publication, distribution, etc. c2002.
300 ## - PHYSICAL DESCRIPTION
Extent xliii, 470 p. ;
Dimensions 25 cm.
650 #0 - SUBJECT ADDED ENTRY--TOPICAL TERM
Topical term or geographic name entry element Banking law
Geographic subdivision Great Britain.
856 42 - ELECTRONIC LOCATION AND ACCESS
Materials specified Publisher description
Uniform Resource Identifier <a href="http://www.loc.gov/catdir/enhancements/fy0615/2003267726-d.html">http://www.loc.gov/catdir/enhancements/fy0615/2003267726-d.html</a>
856 41 - ELECTRONIC LOCATION AND ACCESS
Materials specified Table of contents only
Uniform Resource Identifier <a href="http://www.loc.gov/catdir/enhancements/fy0615/2003267726-t.html">http://www.loc.gov/catdir/enhancements/fy0615/2003267726-t.html</a>
856 42 - ELECTRONIC LOCATION AND ACCESS
Materials specified Contributor biographical information
Uniform Resource Identifier <a href="http://www.loc.gov/catdir/enhancements/fy0726/2003267726-b.html">http://www.loc.gov/catdir/enhancements/fy0726/2003267726-b.html</a>
942 ## - ADDED ENTRY ELEMENTS (KOHA)
Source of classification or shelving scheme Library of Congress Classification
Koha item type Books
Suppress in OPAC No
999 ## -
-- 4850
-- 4850
Holdings
Withdrawn status Lost status Source of classification or shelving scheme Damaged status Not for loan Collection Home library Current library Shelving location Date acquired Total checkouts Full call number Barcode Date last seen Copy number Price effective from Koha item type
    Library of Congress Classification     Non-fiction Law Library (Christ Temple) Law Library (Christ Temple) General stacks 03/14/2025   KD1715.C73 CRA LLCT00000494 03/14/2025 1 03/14/2025 Books
© 2023-2024 Copyright: Central University Libraries. All Rights Reserved | Created by: Mahone Tech Office